<?xml version="1.0" encoding="UTF-8"?>
<collection xmlns="http://www.loc.gov/MARC21/slim">
 <record>
  <leader>00909cam a2200205 7i4500</leader>
  <controlfield tag="001">0000026360</controlfield>
  <controlfield tag="005">20111011090000.0</controlfield>
  <controlfield tag="008">111011                 v           eng   </controlfield>
  <datafield tag="090" ind1="0" ind2="0">
   <subfield code="a">QH 607 </subfield>
   <subfield code="b">.C4 1984</subfield>
  </datafield>
  <datafield tag="245" ind1="0" ind2="0">
   <subfield code="a">Cell differentiation : </subfield>
   <subfield code="b">the search for the organizer.</subfield>
  </datafield>
  <datafield tag="260" ind1="#" ind2="#">
   <subfield code="a">St. Louis, Mo.: </subfield>
   <subfield code="b">Coronet Films &amp; Video, </subfield>
   <subfield code="c">1984.</subfield>
  </datafield>
  <datafield tag="300" ind1="#" ind2="#">
   <subfield code="a">1 videocassette (15 min.): </subfield>
   <subfield code="b">sd., col.; </subfield>
   <subfield code="c">7 1/2in..</subfield>
  </datafield>
  <datafield tag="500" ind1="#" ind2="#">
   <subfield code="a">Also available with vcd</subfield>
  </datafield>
  <datafield tag="520" ind1="0" ind2="#">
   <subfield code="a">Examines exactly when permanent differences appear among an embryo's cells and the remarkable sceintific work that laid for the basis for modern developmental biology.</subfield>
  </datafield>
  <datafield tag="650" ind1="0" ind2="0">
   <subfield code="a">Embryology </subfield>
  </datafield>
  <datafield tag="650" ind1="0" ind2="0">
   <subfield code="a">Molecular biology </subfield>
  </datafield>
  <datafield tag="650" ind1="0" ind2="0">
   <subfield code="a">Cell differentiation </subfield>
  </datafield>
  <datafield tag="710" ind1="2" ind2="1">
   <subfield code="a">Coronet Films &amp; Video </subfield>
  </datafield>
  <datafield tag="999" ind1=" " ind2=" ">
   <subfield code="a">1100014427</subfield>
   <subfield code="b">Video</subfield>
   <subfield code="c">Bahan Pandang Dengar</subfield>
   <subfield code="e">BILIK BAHAN SUMBER MEDIA</subfield>
  </datafield>
  <datafield tag="999" ind1=" " ind2=" ">
   <subfield code="a">1100027532</subfield>
   <subfield code="b">Video Compact Disc</subfield>
   <subfield code="c">BAHAN SUMBER MEDIA</subfield>
   <subfield code="e">BILIK BAHAN SUMBER MEDIA</subfield>
  </datafield>
 </record>
</collection>
